Click the Brazil Cities - Statistics

General Stats
  • This quiz has been taken 24 times
  • The average score is 9 of 10
Answers on the Grid
Answers color-coded by a green-red scale on the quiz's grid according to % correct below.
Brasilia
New York City
Sao Paulo
Curitiba
London
Havana
Rio de Janerio
Salvador
Buenos Aires
Santiago
Sao Luis
Belem
Paris
Panama City
Porto Alegre
Montevideo
Natal
Fortaleza
Cairo
Tokyo
 
Answer Stats
Answer % Correct
Brasilia
100%
Curitiba
94%
Rio de Janerio
94%
Salvador
94%
Sao Paulo
94%
Belem
88%
Sao Luis
88%
Fortaleza
81%
Natal
81%
Porto Alegre
81%
No matching quizzes found
Score Distribution
Percent of People with Each Score
Percentile by Number Answered
Your Score History
You have not taken this quiz